书目信息 |
| 题名: |
中文CorelDRAW 11/12精彩实战百例通
|
|
| 作者: | ;《中文CorelDRAW 11/12精彩实战百例通》编委会 编 | |
| 分册: | ||
| 出版信息: | 西安 西北工业大学出版社 2004.07 |
|
| 页数: | 584页, [4] 页图版 | |
| 开本: | 26cm | |
| 丛书名: | 流行软件精彩实战百例通 | |
| 单 册: | ||
| 中图分类: | TP391.41 | |
| 科图分类: | ||
| 主题词: | 图形软件 | |
| 电子资源: | ||
| ISBN: | 7-5612-1712-9 | |
| 000 | 01198nam 2200265 450 | |
| 001 | 0166609218 | |
| 005 | 20050820024308.20 | |
| 010 | @a7-5612-1712-9@dCNY44.00 (含光盘) | |
| 100 | @a20050312d2004 km y0chiy0120 ea | |
| 101 | 0 | @achi |
| 102 | @aCN@b610000 | |
| 105 | @aaf z 000yy | |
| 200 | 1 | @a中文CorelDRAW 11/12精彩实战百例通@Azhong wen CorelDRAW 11/12 jing cai shi zhan bai li tong@f《中文CorelDRAW 11/12精彩实战百例通》编委会编@Fzhong wen CorelDRAW 11/12 jing cai shi zhan bai li tong bian wei hui bian |
| 210 | @a西安@c西北工业大学出版社@d2004.07 | |
| 215 | @a584页, [4] 页图版@c图 (部分彩图)@d26cm@e光盘1片 | |
| 225 | 2 | @a流行软件精彩实战百例通 |
| 307 | @a光盘 ISBN : 7-89995-575-0 | |
| 330 | @a本书通过100个实例的创作,充分展示CorelDRAW 11/12中文版的强大功能,本书分为四篇:图文处理及特效、生物造型、消费应用、平面设计、全面讲解CorelDRAW 11/12的广泛应用。 | |
| 410 | 0 | @12001 @a流行软件精彩实战百例通 |
| 606 | 0 | @a图形软件 |
| 610 | 0 | @aCorelDRAW 11/12 |
| 690 | @aTP391.41@v4 | |
| 711 | 0 | @a《中文CorelDRAW 11/12精彩实战百例通》编委会@Azhong wen CorelDRAW 11/12 jing cai shi zhan bai li tong bian wei hui@4编 |
| 801 | 0 | @aCN@bQSSK@c20050820 |
| 905 | @a10447@dTP391.41@eZ695 | |
| 中文CorelDRAW 11/12精彩实战百例通/《中文CorelDRAW 11/12精彩实战百例通》编委会编.-西安:西北工业大学出版社,2004.07 |
| 584页, [4] 页图版:图 (部分彩图);26cm+光盘1片.-(流行软件精彩实战百例通) |
| ISBN 7-5612-1712-9:CNY44.00 (含光盘) |
| 本书通过100个实例的创作,充分展示CorelDRAW 11/12中文版的强大功能,本书分为四篇:图文处理及特效、生物造型、消费应用、平面设计、全面讲解CorelDRAW 11/12的广泛应用。 |
| ● |
| 相关链接 |
|
|
|
正题名:中文CorelDRAW 11/12精彩实战百例通
索取号:TP391.41/Z695
 
预约/预借
| 序号 | 登录号 | 条形码 | 馆藏地/架位号 | 状态 | 备注 |
| 1 | 561963 | 205619632 | 自科库301/301自科库 68排5列3层/ [索取号:TP391.41/Z695] | 在馆 | |
| 2 | 561964 | 205619641 | 自科库301/301自科库 68排5列3层/ [索取号:TP391.41/Z695] | 在馆 | |
| 3 | 561965 | 205619650 | 自科库301/404自科库 14排5列1层/ [索取号:TP391.41/Z695] | 在馆 |